Statistics for Europes Most Successful Football Clubs

Click here to take the quiz!

General Stats

  • This quiz has been taken 34 times
  • The average score is 27 of 43

Answers on the Map

Answers color-coded by a green-red scale on the quiz's map according to % correct below.
 

Answer Stats

Answer% Correct
Real Madrid
100%
Bayern Munich
93%
KB Copenhagen
93%
Ajax
89%
Benfica
89%
Celtic
89%
HJK Helsinki
89%
KR Reykjavik
89%
Olympiacos
89%
Spartak Moscow
89%
Anderlecht
85%
Juventus
85%
St Etienne
85%
Malmo FF
81%
Rapid Wien
81%
Red Star Belgrade
78%
Dynamo Kiev
74%
Rosenborg
74%
Slovan Bratislava
74%
Sparta Prague
74%
Dinamo Bucharest
70%
CSKA Sofia
67%
Skonto Riga
67%
Vardar Skopje
67%
Dinamo Zagreb
63%
Prishtina
63%
Dundalk
59%
Tirana
59%
Grasshoppers
56%
FBK Kaunas
52%
Maribor
52%
Ferencvaros
48%
Jeunesse Esch
48%
BATE Borisov
44%
Tre Fiori
41%
Gornik Zabrze
37%
Astor Osservartore Romano
33%
Sheriff Tirasol
33%
FC Santa Coloma
30%
Zrinskji
30%
Silema Wanderers
11%
Flora
7%
Budocnost
4%

Score Distribution

Percentile by Number Answered

Percent of People with Each Score

Your Score History

You have not taken this quiz